Náš obchod se zeměmi CEFTA

Podiel vývozu ČR v jednotlivých krajinách CEFTA. Vývoj obchodu medzi ČR a SR. Objemy vzájomného obchodu a podiely jednotlivých krajín CEFTA na zahraničnom obchode ČR. Komoditná štruktúra zahraničného obchodu.

Saved in:
Bibliographic Details
Main Author: Straka, M.
Format: Book Chapter
Language:Czech
Subjects:
Tags: Add Tag
No Tags, Be the first to tag this record!

MARC

LEADER 00000naa a2200000 4500
001 r019122
005 20221205102425.7
041 0 |a cze 
044 |a CZ 
245 1 0 |a Náš obchod se zeměmi CEFTA  |c M. Straka 
520 |a Podiel vývozu ČR v jednotlivých krajinách CEFTA. Vývoj obchodu medzi ČR a SR. Objemy vzájomného obchodu a podiely jednotlivých krajín CEFTA na zahraničnom obchode ČR. Komoditná štruktúra zahraničného obchodu. 
610 2 0 |a vývoz 
610 2 0 |a dovoz 
610 2 0 |a obchod zahraničný 
610 2 0 |a Česko 
610 2 0 |a CEFTA 
610 2 0 |a Maďarsko 
610 2 0 |a Poľsko 
610 2 0 |a Slovensko 
610 2 0 |a 1993-1994 
610 2 0 |a január-jún 
610 2 0 |a 1995 
610 2 0 |a obrat obchodu zahraničného 
100 1 |a Straka, M.